Città più popolose non Capoluogo Lazio - Statistics

Statistiche generali
  • Questo quiz è stato fatto 42 volte
    24 dall'ultimo reset
  • Il punteggio medio è 6 su 10
Statistiche sulle risposte
Popolazione Provincia Città % Corretto
67 626 Roma Fiumicino
89%
52 910 Roma Tivoli
79%
51 229 Roma Civitavecchia
68%
81 447 Roma Guidonia Montecelio
68%
56 372 Roma Pomezia
68%
59 188 Roma Anzio
63%
74 691 Latina Aprilia
58%
44 233 Latina Terracina
47%
45 460 Roma Nettuno
42%
52 295 Roma Velletri
37%
Nessun quiz corrispondente trovato
Distribuzione punteggi
Percentuale di utenti per punteggio
Percentile per numero di risposta
I tuoi punteggi nel tempo
Non hai fatto questo quiz dall'ultimo reset